000 00471 a2200169 4500
003 OSt
005 20240109160512.0
008 240109b |||||||| |||| 00| 0 eng d
020 _a9789385581277
040 _coclc
082 _a297
_bAKB/A
100 _aAkbar, M M
_92026
245 _aEakacivilcodum mathanirapekshathayum /
_cM M Akbar
260 _aKerala:
_bDa'wa books,
_c2017.
300 _a130p
942 _2ddc
_cBK
_h297
_iAKB/A
_k297
_mAKB/A
999 _c43093
_d43093